000
00194nam a2200085Ia 4500
008
120527s9999 xx 000 0 und d
100
_a
Reynolyd & Lloyd
245
_a
Econoics of labor
942
_c
BK
999
_c
27118
_d
27118